000 00413nam a22001457a 4500
008 210922b ||||| |||| 00| 0 eng d
020 _a9781844740895
082 _aBS2330.2.C34 2005
100 _aCarson, D. A.
_bMoo, Douglas J.
_950176
245 _aAn introduction to the new testament
250 _aSecond .[ed.]
260 _aEngland
_bApollos
_c2005
300 _a781p.;
_c28cm.
942 _2lcc
_cMONOGRAPH
999 _c130635
_d130635